000 00765nam a22002417a 4500
005 20151203100929.0
008 060622s2006 xxua b 001 0 eng
020 _a097090570X
024 0 _ceng
080 _a330.34.01
100 1 _aAnderson, David A.
245 1 0 _aEnvironmental economics :
_cDavid A. Anderson.
246 1 _iTitle on t.p. verso:
_aEnvironmental economics and natural resource management
250 _a2nd ed.
260 _a[United States?] :
_bPensive Press,
_c2006.
300 _a408 f. :
_bill. ;
_c24 cm.
500 _aSubtitle from cover.
504 _aIncludes bibliographical references and index.
650 0 _aEkonomia
650 0 _aMjedisi
700 1 _aAnderson, David A.
942 _2udc
_cBK
999 _c445
_d445